Phonetic symbol guide
Αποθηκεύτηκε σε:
| Κύριος συγγραφέας: | |
|---|---|
| Άλλοι συγγραφείς: | |
| Μορφή: | Βιβλίο |
| Γλώσσα: | English |
| Δημοσίευση: |
Chicago :
University of Chicago Press,
1996
|
| Έκδοση: | 2nd ed. |
| Θέματα: | |
| Ετικέτες: |
Προσθήκη ετικέτας
Δεν υπάρχουν, Καταχωρήστε ετικέτα πρώτοι!
|
MARC
| LEADER | 00000nam a2200000 i 4500 | ||
|---|---|---|---|
| 001 | 1/26148 | ||
| 008 | 020809s1996 eng d | ||
| 020 | |a 0-226-68536-5 | ||
| 035 | |l 10068198 | ||
| 040 | |a GR-MY-UA |b gre |e aacr | ||
| 041 | 0 | |a eng | |
| 082 | 0 | |a 414 | |
| 100 | 0 | |a Pullum, Geoffrey K. | |
| 245 | 1 | 0 | |a Phonetic symbol guide / |c Geoffrey K. Pullum and William A. Ladusaw |
| 250 | |a 2nd ed. | ||
| 260 | |a Chicago : |b University of Chicago Press, |c 1996 | ||
| 300 | |a 320 p. | ||
| 650 | 0 | 0 | |a Language and languages |x Phonetic transcriptions. |
| 700 | 0 | |a Ladusaw, William A. | |
| 852 | |a INST |b RHODES |e 20020809 |h 414 PUL |p 005400016272 |q 005400016272 |t BK |y 0 | ||
| 901 | |a BIBL4-2002-2 | ||
| 909 | |a Ρ |b 102130 | ||
| 922 | |a 4ΕΛΗ |b 200205 |c ΚΠΣ/124 | ||
| 970 | |a ΚΟΥΛΑΚΙΟΤΗ |b ΛΙΤΣΑ |z 2002/08/22 | ||